| 000 | 00557nam a22001577a 4500 | ||
|---|---|---|---|
| 999 |
_c15492 _d15492 |
||
| 003 | OSt | ||
| 008 | 180925b ||||| |||| 00| 0 eng d | ||
| 082 |
_a631.56 _bDRI/DE |
||
| 100 |
_aDrishya C _aMufassil Usman _aVinduja P.V _93347 |
||
| 245 | _aDevelopment and performance evaluation of a batch-type cocoa bean dryer | ||
| 260 |
_aThavanur _bDepartment of food and agriculture process engineering _c2018 |
||
| 300 |
_a56 _eCD |
||
| 700 |
_aRajesh G.K (Guide) _93236 |
||
| 856 | _uhttps://drive.google.com/open?id=14qtcLiHrd6uBfjX9edPy3oxXnqB7ClG0 | ||
| 942 | _cPR | ||